Collection de mathematiques : classe 1e A (option) et B

Αποθηκεύτηκε σε:
Λεπτομέρειες βιβλιογραφικής εγγραφής
Άλλοι συγγραφείς: Roumanet, Andre
Μορφή: Βιβλίο
Γλώσσα:French
Δημοσίευση: France : Bordas, c1970
Σειρά:Collection de mathematiques. Cossart et Theron
Θέματα:
Ετικέτες: Προσθήκη ετικέτας
Δεν υπάρχουν, Καταχωρήστε ετικέτα πρώτοι!

MARC

LEADER 00000cam a2200000 i 4500
001 1/7181
008 100505s1970 fre d
035 |l 10107771 
040 |a GR-MY-UA  |b gre  |e aacr 
041 0 |a fre 
082 0 |a 510.7  |2 (22) 
245 1 0 |a Collection de mathematiques :  |b classe 1e A (option) et B /  |c Andre Roumannet...[κ.ά.] 
246 3 3 |a Mathematiques 
246 3 3 |a Collection Cossart et Theron 
260 |a France :   |b Bordas,   |c c1970 
300 |a 399 σ.;  |b σχέδια;  |c 21 εκ. 
490 1 |a Collection de mathematiques. Cossart et Theron 
500 |a Programme 1970 
650 0 0 |a Mathematics  |x Study and teaching. 
700 1 |a Roumanet, Andre. 
830 0 |a Collection de mathematiques. Cossart et Theron 
852 |a INST  |b SAMOS  |c MAG  |e 20100505  |h 510.7 COL  |p 005300032059  |q 005300032059  |t BK  |y 0 
901 |a BIBL3-2010-2 
909 |a Σ  |b 162148 
970 |a ΡΟΥΣΣΟΥ  |b ΚΩΝΣΤΑΝΤΙΝΑ  |z 2010/05/05